000 00656nam a22001697a 4500
020 _qHard Cover.
082 _a660
100 _aSarwar Muhammad Salman
245 _aPreparation and Characterization of PVA/Nanocellulose/Ag Nanocomposite Films for Antimicrobial Food Packaging /
_cMuhammad Salman Sarwar.
260 _aIslamabad:
_bSCME - NUST,
_c2018.
300 _a71 p. :
_bill. ;
_c30cm.
650 _aMS- Chemical Engineering
_9129140
700 _aSupervisor: Dr. Muhammad Bilal Khan Niazi
_9119971
856 _u http://10.250.8.41:8080/xmlui/handle/123456789/20375
942 _2ddc
_cSC
999 _c534471
_d534471